Educar sin castigos ni recompensas (Registro nro. 5698)
[ vista simple ]
| 000 -CABECERA | |
|---|---|
| campo de control de longitud fija | 00556ata a2200217 4500 |
| 005 - FECHA Y HORA DE ACTUALIZACIÓN | |
| campo de control | 20161013183219.0 |
| 008 - LONGITUD FIJA | |
| campo de control de longitud fija | 150519b xxu||||| |||| 00| 0 spa d |
| 041 ## - IDIOMA | |
| Código de idioma del texto/pista de sonido o título separado | |
| 082 ## - CLASIFICACIÓN DECIMAL DEWEY | |
| Número de clasificación | 371.5 P549p |
| 100 ## - AUTOR PERSONAL | |
| Nombre de persona | Philippe Faure, Jean |
| 245 ## - TÍTULO PROPIAMENTE DICHO | |
| Título | Educar sin castigos ni recompensas |
| 260 ## - PIE DE IMPRENTA | |
| Lugar de publicación, distribución, etc. | México |
| 260 ## - PIE DE IMPRENTA | |
| Nombre del editor, distribuidor, etc. | Lumen |
| 260 ## - PIE DE IMPRENTA | |
| Fecha de publicación, distribución, etc. | 2007 |
| 300 ## - DESCRIPCIÓN FÍSICA | |
| Extensión | 123 páginas |
| 650 ## - Materia General | |
| Materia general | DISIPLINA ESCOLAR |
| 650 ## - Materia General | |
| Materia general | MOTIVACIÓN |
| 650 ## - Materia General | |
| Materia general | MANEJO DE LIMITES |
| 650 ## - Materia General | |
| Materia general | PEDAGOGÍA DEL IMPULSO |
| 942 ## - Punto de Acceso Adicional Koha | |
| Tipo de ítem Koha | Libro |
| Estado perdido | Estado dañado | No para préstamo | Biblioteca permanente | Biblioteca actual | Signatura completa | Código de barras | Precio efectivo a partir del | Tipo de ítem |
|---|---|---|---|---|---|---|---|---|
| Departamento de Biblioteca y Documentación Alfonso Chase Brenes | Departamento de Biblioteca y Documentación Alfonso Chase Brenes | 371.5 P549p | 1536 | 13/10/2016 | Libro |